Guía del nacimiento /

La autora comparte un modelo obstétrico centrado en la madre y su conexión mente-cuerpo, para explicar los beneficios físicos y psicológicos del parto natural, sin apoyo farmacológico o médico.

Gorde:
Xehetasun bibliografikoak
Egile nagusia: Gaskin, Ina May (autor)
Beste egile batzuk: Rodríguez Tapia, María Luisa (traducción) (traducción)
Formatua: Liburua
Hizkuntza:gaztelania
Argitaratua: Madrid, España : Capitán Swing, 2016, c2016
Saila:(Especiales Capitán Swing)
Gaiak:
Etiketak: Etiketa erantsi
Etiketarik gabe, Izan zaitez lehena erregistro honi etiketa jartzen!

MARC

LEADER 00000nam^a2200000^a^4500
001 000411578
005 20250521000000.0
009 20260310122117.035
020 |a 978-84-945311-9-4 
037 |a Acervo ITESO - Biblioteca 
041 |a ESP 
082 |a 618. 45  |b GAS 
100 |a Gaskin, Ina May  |e (autor) 
245 1 0 |a Guía del nacimiento /  |c I.M. Gaskin ; tr. por M.L. Rodríguez Tapia. 
264 4 |a Madrid, España :  |b Capitán Swing,  |c 2016, c2016 
300 |a 399 p. 
336 |a texto  |b txt  |2 rdacontenido 
337 |a sin mediación  |b n  |2 rdamedio 
338 |a volumen  |b nc  |2 rdasoporte 
440 1 |a (Especiales Capitán Swing) 
500 |a Traducción de: Ina May's Guide to Childbirth 
520 |a La autora comparte un modelo obstétrico centrado en la madre y su conexión mente-cuerpo, para explicar los beneficios físicos y psicológicos del parto natural, sin apoyo farmacológico o médico. 
521 |a FIL 2018 DIA 
649 |a XX 
650 |a Parteras -  |x Tema Principal 
650 |a Atención Prenatal 
650 |a Parto Psicoprofiláctico -  |x Tema Principal 
650 |a Parto -  |x Tema Principal 
650 |a Nacimiento 
650 |a Embarazo 
650 |a Obstetricia 
700 |a Rodríguez Tapia, María Luisa  |e (traducción) 
910 |a Fondo General 
920 |a Impresos - Libros 
930 |a Colección General 
905 |a 101 
901 |a 0500311716  |b IT1  |c ACC  |i C164411  |u 20250521 
902 |a https://opac.biblio.iteso.mx/vufind/Record/000411578